A world at the crossroads : new conflicts, new solutions :annals of Pugwash 1993

সংরক্ষণ করুন:
গ্রন্থ-পঞ্জীর বিবরন
বিন্যাস: গ্রন্থ
প্রকাশিত: World Scientific 1994
ট্যাগগুলো: ট্যাগ যুক্ত করুন
কোনো ট্যাগ নেই, প্রথমজন হিসাবে ট্যাগ করুন!
Thư viện lưu trữ: Mạng thư viện Đại học Đà Nẵng
LEADER 00588nam a2200217 a 4500
001 000029199
003 25916
005 20171030145630.0
008 171030s1994
040 |a LTT 
082 0 |a 327.17  |b Wo-C 
245 0 0 |a A world at the crossroads : new conflicts, new solutions :annals of Pugwash 1993  |c edited by Joseph Rotblat, Sven Hellman. 
260 |b World Scientific  |c 1994 
500 |a VSVN 
OWN |a LTT 
999 |a From the UDN01 
TYP |a Monograph 
TYP |a Printed language 
980 |a Mạng thư viện Đại học Đà Nẵng